Ч. 1; Плазменные техника и технологии в ядерном топливном цикле
| Parent link: | Плазменные техника и технологии в ядерном топливном цикле: учебное пособие/ Национальный исследовательский Томский политехнический университет, Инженерная школа ядерных технологий ; авт.-сост. А. Г. Каренгин ; И. Ю. Новосёлов ; А. А. Каренгин. Ч. 1.— , 2020-2021.— 978-5-4387-0946-6 |
|---|---|
| Altres autors: | , , |
| Sumari: | Заглавие с титульного экрана В пособии представлены основные типы генераторов низкотемпературной плазмы (плазмотронов), их достоинства и недостатки. Рассмотрены принципиальная схема и основные стадии плазмохимических процессов, включая смешение исходного сырья и плазмы, нагрев сырья, превращение его в целевые продукты, различные способы «закалки» и отделения целевых продуктов. Описаны плазмохимические процессы переработки газообразного, жидкого и твердого сырья в условиях различных плазменных теплоносителей применительно к ядерному топливному циклу. Предназначено для студентов, обучающихся по направлению 14.04.02 «Ядерные физика и технологии», профилю «Изотопные технологии и материалы» Текстовый файл AM_TPU_network |
| Idioma: | rus |
| Publicat: |
Томск, Изд-во ТПУ, 2020
|
| Matèries: | |
| Accés en línia: | https://www.lib.tpu.ru/fulltext2/m/2020/m054.pdf |
| Format: | Electrònic Llibre |
| KOHA link: | https://koha.lib.tpu.ru/cgi-bin/koha/opac-detail.pl?biblionumber=345265 |
MARC
| LEADER | 00000nam2a2200000 4500 | ||
|---|---|---|---|
| 001 | 345265 | ||
| 005 | 20260113141240.0 | ||
| 010 | |a 978-5-4387-0947-3 | ||
| 035 | |a (RuTPU)RU\TPU\book\377102 | ||
| 035 | |a RU\TPU\book\203655 | ||
| 090 | |a 345265 | ||
| 100 | |a 20201019d2020 m y0rusy50 ca | ||
| 101 | 0 | |a rus | |
| 102 | |a RU | ||
| 105 | |a a j 001zy | ||
| 135 | |a drcn ---uucaa | ||
| 181 | 0 | |a i |b e | |
| 182 | 0 | |a b | |
| 183 | 0 | |a cr |2 RDAcarrier | |
| 200 | 0 | |a Ч. 1 |f Национальный исследовательский Томский политехнический университет, Инженерная школа ядерных технологий ; авт.-сост. А. Г. Каренгин ; И. Ю. Новосёлов ; А. А. Каренгин | |
| 203 | |a Текст |c электронный |b визуальный | ||
| 210 | |a Томск |c Изд-во ТПУ |d 2020 | ||
| 283 | |a online_resource |2 RDAcarrier | ||
| 300 | |a Заглавие с титульного экрана | ||
| 330 | |a В пособии представлены основные типы генераторов низкотемпературной плазмы (плазмотронов), их достоинства и недостатки. Рассмотрены принципиальная схема и основные стадии плазмохимических процессов, включая смешение исходного сырья и плазмы, нагрев сырья, превращение его в целевые продукты, различные способы «закалки» и отделения целевых продуктов. Описаны плазмохимические процессы переработки газообразного, жидкого и твердого сырья в условиях различных плазменных теплоносителей применительно к ядерному топливному циклу. Предназначено для студентов, обучающихся по направлению 14.04.02 «Ядерные физика и технологии», профилю «Изотопные технологии и материалы» | ||
| 336 | |a Текстовый файл | ||
| 371 | 0 | |a AM_TPU_network | |
| 461 | 1 | |0 (RuTPU)RU\TPU\book\377101 |9 345264 |t Плазменные техника и технологии в ядерном топливном цикле |o учебное пособие |o в 2 ч. |f Национальный исследовательский Томский политехнический университет, Инженерная школа ядерных технологий ; авт.-сост. А. Г. Каренгин ; И. Ю. Новосёлов ; А. А. Каренгин |v Ч. 1 |d 2020-2021 |y 978-5-4387-0946-6 | |
| 606 | 1 | |a Плазменная техника |2 stltpush |3 (RuTPU)RU\TPU\subj\48955 |9 67770 | |
| 610 | 1 | |a труды учёных ТПУ | |
| 610 | 1 | |a учебные пособия | |
| 610 | 1 | |a электронный ресурс | |
| 610 | 1 | |a генераторы | |
| 610 | 1 | |a генераторы низкотемпературной плазмы | |
| 610 | 1 | |a плазмохимические процессы | |
| 610 | 1 | |a плазменная технология | |
| 610 | 1 | |a плазменные технологии | |
| 610 | 1 | |a ядерные топливные циклы | |
| 610 | 1 | |a плазмотроны | |
| 675 | |a 621.387.143(075.8) |v 4 | ||
| 702 | 1 | |a Каренгин |b А. Г. |c физик |c доцент Томского политехнического университета, кандидат физико-математических наук |f 1950- |g Александр Григорьевич |4 220 |9 10751 | |
| 702 | 1 | |a Новоселов |b И. Ю. |c специалист в области ядерных технологий |c cтарший преподаватель Томского политехнического университета |f 1989- |g Иван Юрьевич |4 220 |9 16383 | |
| 702 | 1 | |a Каренгин |b А. А. |c физик |c инженер-исследователь Томского политехнического университета |f 1989- |g Алексей Александрович |4 220 |9 16818 | |
| 801 | 1 | |a RU |b 63413507 |c 20101119 | |
| 801 | 2 | |a RU |b 63413507 |c 20211222 |g RCR | |
| 856 | 4 | |u https://www.lib.tpu.ru/fulltext2/m/2020/m054.pdf |z https://www.lib.tpu.ru/fulltext2/m/2020/m054.pdf | |
| 942 | |c CF | ||